Countries with "Land" in their Name - Statistics

General Stats
  • This quiz has been taken 48 times
  • The average score is 5 of 10
Answer Stats
Answer % Correct
Iceland
81%
Switzerland
78%
Finland
70%
Ireland
63%
Thailand
63%
New Zealand
48%
Poland
48%
Netherlands
26%
Marshall Islands
15%
Soloman Islands
0%
No matching quizzes found
Score Distribution
Percent of People with Each Score
Percentile by Number Answered
Your Score History
You have not taken this quiz